000 00634nam a22002057a 4500
003 0
005 20250827135508.0
008 250827b xxu||||| |||| 00| 0 eng d
020 _a979-8-88836-758-2
050 _aT 385
_b.H39 2025
100 _aHawkins, Ruben,
_eauthor.
245 _aComputer graphics /
_cRuben Hawkins.
260 _aNew York, NY :
_bLarsen & Keller Education,
_c2025.
300 _aviii, 310 pages :
_bcolored illustrations ;
_c26 cm.
504 _aIncludes bibliographical references and index.
650 _aComputer graphics.
650 _aComputer art.
650 _aComputer animation.
942 _2lcc
_cBK
999 _c367644
_d367644